| 000 | 00481nam a2200169Ia 4500 | ||
|---|---|---|---|
| 003 | OSt | ||
| 005 | 20250301152206.0 | ||
| 008 | 190216s9999||||xx |||||||||||||| ||und|| | ||
| 040 | _coclc | ||
| 082 |
_a823 _bNAR/S |
||
| 100 |
_aNarayan, R K _94797 |
||
| 245 | 0 |
_aSwami And Friends / _cR K Narayan |
|
| 260 |
_b"Indian Thought Publications,Mysore, _c1967. _aMysore: |
||
| 300 | _a179p | ||
| 650 | _aEnglish Novel | ||
| 942 |
_cBK _2ddc _h823 _iNAR/S _k823 _mNAR/S |
||
| 999 |
_c11890 _d11890 |
||